04474nam a2200445Ia 4500001000900000003000500009005001700014007000300031008004100034010001100075040001800086041001300104100002900117240013100146245015800277264004200435300008400477336002700561337002800588338002800616500005100644502013100695504003200826520139000858520127602248650004003524650004903564650003303613650001703646650002403663650001603687650002303703650003703726650005203763650002203815700004503837700004503882700004403927856005703971dia_6499CHAP20240718112859.0ta220117s2017 mx bdeofrm 001 0 spa d a178810 cCHAPamxchpua0 aspabeng1 aGarcés Mendoza, Rafael10aManuals for quality control-milk traceability for collection centers, in Margarita project in the Altos de Jalisco.lEspañol10aManuales del control de calidad-trazabilidad de la leche, para centros de acopio en proyecto Margarita en los Altos de Jalisco /cRafael Garcés Mendoza aChapingo, México :bEl autor,c2017 aca.150 hojas :bmapas, gráficas, diagramas, tablas, fotos, planos +e1 CD-ROM 2rdacontentatextobtxt 2rdamediaano mediadobn 2rdacarrieravolumenbnc aEl CD contiene reporte, artículo y seminario aInforme de Estancia Preprofesional b(Ingeniero Agroindustrial) -- cUACh. Departamento de Ingeniería Agroindustrial, d2017 aBibliografía: hojas 40-433 aEl presente trabajo fue realizado en un periodo de 6 meses comprendidos de julio a diciembre de 2016, en la empresa Centro de Servicios Integrales para el Desarrollo de la Ganadería Altos Sur S.R.P de R.L, cuya actividad principal es el acopio y acondicionamiento de leche que se destina a la planta de Danone de México S.A de C.V. El objetivo general del trabajo de estancia preprofesional fue: Controlar la calidad de la leche en toda la cadena de abasto hasta su destino final (Campo - Centro de Acopio - Planta), así como su trazabilidad, mediante el desarrollo de manuales de procedimientos y Análisis de Riesgos, dando como resultado los Procesos Operativos Estandarizados de Sanitización (POE´s) y los Procesos de Operación Estándar que forman parte del manual de procedimientos que fomentara y fortalecerá la aplicación de Buenas Practicas de Higiene y Buenas Prácticas de Manufactura, así como un sistema de registro y documentación de la trazabilidad del proceso de colecta que abarca toda la cadena de suministro de leche. Se espera que el trabajo realizado permita contribuir a atender y solucionar la problemática e indirectamente en el mejoramiento de la empresa, así como concientizar a los actores involucrados en el centro de acopio y Proyecto Margarita de la importancia que tiene el trabajo y su implementación en pro de la empresa. --3 aThe present work was carried out in a period of 6 months from July, December, 2016, in the company Centro de Servicios Integrales para el Desarrollo de la Ganadería Altos Sur S.R.P de R.L, whose main activity is the collection and conditioning of milk destined to the plant of Danone de México S.A de C.V. The general objective of the work pre-vocational stay was to: Control the quality of milk throughout the supply chain to its final destination (Field - Collection Center - Plant), through the development of procedure manuals and Risk Analysis, and Its traceability. Resulting in the Sanitation Standard Operating Procedures (POE's) and Standard Operating Processes that are part of the procedures manual that will promote and strengthen the application of Good Hygiene Practices and Good Manufacturing Practices, as well as a system of registration and documentation of the traceability of the collection process that spans the entire supply chain of milk. It is expected that the work done to contribute to address and solve the problem and indirectly, the improvement of the company, as well as raise awareness among the actors involved in the collection center and Margarita Project of the importance of the work and its implementation in pro of the company.13aControl de calidadxManuales 2atg13aIndustria láctea2atgzMéxicozJalisco 13aInocuidad alimentaria 2atg13aLeche 2atg13aTrazabilidad 2atg13aMilk 2atg13aFood safety 2atg13aMilk industryzMexicozJalisco 13aQuality contolxManuals, textbooks, etc. 2atg13aTraceability2atg1 aMartínez Mosqueda, Franciscoedirector1 aCovarrubias Gutiérrez, Ignacioeasesor1 aVelázquez Castillo, Alejandraeasesor41uhttp://10.13.5.2/tesis/sist113656.pdfyDESCARGAR PDF